[Event "Moscow Botvinnik Memorial Cup"]
[Site "Moscow"]
[Date "2024.09.09"]
[Round "9.21"]
[White "Khamdamov, Suhrob"]
[Black "Arakelyan, Manvel"]
[Result "0-1"]
[WhiteElo "2108"]
[BlackElo "2210"]
[PlyCount "78"]
[EventDate "2024.09.04"]
[EventType "team-tourn"]
[EventRounds "9"]
[EventCountry "RUS"]
[SourceTitle "EXT 2025"]
[Source "ChessBase"]
[SourceDate "2024.10.14"]
[SourceVersion "1"]
[SourceVersionDate "2024.10.14"]
[SourceQuality "1"]
[WhiteTeam "Tajikistan"]
[BlackTeam "Armenia"]
[WhiteTeamCountry "TJK"]
[BlackTeamCountry "ARM"]

1. c4 e6 2. Nf3 b6 3. g3 Bb7 4. Bg2 f5 5. 0-0 Nf6 6. b3 Be7 7. Bb2 0-0 8. d3 d6 9. e4 fxe4 10. Ng5 Qc8 11. Bh3 Nbd7 12. Bxe6+ Kh8 13. dxe4 Qe8 14. Bf5 Nc5 15. f3 Nfxe4 16. Bxe4 Bxg5 17. Bxb7 Nxb7 18. Nc3 Bf6 19. Qd2 Qh5 20. f4 Rae8 21. Rae1 Nc5 22. b4 Ne6 23. Nd5 Bxb2 24. Qxb2 c5 25. bxc5 bxc5 26. Qe2 Qf7 27. Qg4 Nd4 28. a4 Rxe1 29. Rxe1 Re8 30. Re3 Rxe3 31. Nxe3 Qe8 32. Kf2 h6 33. Qd1 Qb8 34. g4 Qe8 35. Qh1 Qe7 36. Qa8+ Kh7 37. g5 hxg5 38. f5 Qe5 39. Qg2 Qf4+ 0-1

[Event "Moscow Botvinnik Memorial Cup"]
[Site "Moscow"]
[Date "2024.09.09"]
[Round "9.22"]
[White "Torosyan, Volodya"]
[Black "Khamdamov, Suhrob"]
[Result "1-0"]
[WhiteElo "2187"]
[BlackElo "2108"]
[PlyCount "89"]
[EventDate "2024.09.04"]
[EventType "team-tourn"]
[EventRounds "9"]
[EventCountry "RUS"]
[SourceTitle "EXT 2025"]
[Source "ChessBase"]
[SourceDate "2024.10.14"]
[SourceVersion "1"]
[SourceVersionDate "2024.10.14"]
[SourceQuality "1"]
[WhiteTeam "Armenia"]
[BlackTeam "Tajikistan"]
[WhiteTeamCountry "ARM"]
[BlackTeamCountry "TJK"]

1. c4 c5 2. g3 Nc6 3. Bg2 g6 4. Nc3 Bg7 5. Nf3 e6 6. 0-0 Nge7 7. e3 0-0 8. d4 cxd4 9. exd4 d5 10. c5 b6 11. Bf4 bxc5 12. dxc5 e5 13. Bg5 f6 14. Bc1 Be6 15. Qa4 Rb8 16. Rd1 Qa5 17. Qxa5 Nxa5 18. b3 Rfc8 19. Ba3 Nac6 20. Rac1 e4 21. Nd4 Nxd4 22. Rxd4 f5 23. Rdd1 d4 24. Ne2 Nc6 25. f3 d3 26. Nf4 Bxb3 27. axb3 Rxb3 28. fxe4 Rxa3 29. Rxd3 Rxd3 30. Nxd3 Nd4 31. Kf1 Nb3 32. Rc2 Nd4 33. Rc4 Kf7 34. e5 Nc6 35. Bd5+ Kf8 36. Bxc6 Rxc6 37. Ra4 Rc7 38. Nf4 Kf7 39. e6+ Ke8 40. Nd3 Ke7 41. Ra6 Bd4 42. Nf4 Rxc5 43. Rxa7+ Kd6 44. Rd7+ Ke5 45. e7 1-0

[Event "Moscow Botvinnik Memorial Cup"]
[Site "Moscow"]
[Date "2024.09.08"]
[Round "8.9"]
[White "Batyrov, Alihan"]
[Black "Khamdamov, Suhrob"]
[Result "1/2-1/2"]
[WhiteElo "1851"]
[BlackElo "2108"]
[PlyCount "136"]
[EventDate "2024.09.04"]
[EventType "team-tourn"]
[EventRounds "9"]
[EventCountry "RUS"]
[SourceTitle "EXT 2025"]
[Source "ChessBase"]
[SourceDate "2024.10.14"]
[SourceVersion "1"]
[SourceVersionDate "2024.10.14"]
[SourceQuality "1"]
[WhiteTeam "Turkmenistan"]
[BlackTeam "Tajikistan"]
[WhiteTeamCountry "TKM"]
[BlackTeamCountry "TJK"]

1. e4 c6 2. d4 d5 3. exd5 cxd5 4. Bf4 Nc6 5. Nc3 a6 6. Nf3 Nf6 7. Be2 Bf5 8. 0-0 e6 9. Re1 Bd6 10. Bxd6 Qxd6 11. Bd3 Bg4 12. Be2 0-0 13. Ne5 Bxe2 14. Rxe2 Qb4 15. Nxc6 bxc6 16. Re3 c5 17. Ne2 Rfc8 18. Rb3 Qa5 19. Rh3 Rab8 20. Qc1 Qb5 21. Nc3 Qxb2 22. Qd1 Qb4 23. dxc5 Qxc5 24. Rg3 d4 25. Ne2 Qxc2 26. Nxd4 Qxd1+ 27. Rxd1 Rd8 28. Rgd3 Rd5 29. Nb3 Rxd3 30. Rxd3 Nd5 31. g3 g6 32. Nc5 Rb6 33. Ra3 Nc7 34. g4 Rc6 35. Nd7 g5 36. Ra5 h6 37. Kg2 Kg7 38. Kg3 Nd5 39. Ra3 Nf4 40. Nb8 Rc3+ 41. Rxc3 Ne2+ 42. Kf3 Nxc3 43. Nxa6 Nxa2 44. Kg3 f5 45. gxf5 exf5 46. h4 Nc3 47. hxg5 hxg5 48. f3 Kf6 49. Nc5 Ke5 50. Nd7+ Kd4 51. Nf8 Ke5 52. Nd7+ Ke6 53. Nc5+ Kd5 54. Nd7 Ne2+ 55. Kf2 Nf4 56. Nb6+ Kd4 57. Nd7 Nd3+ 58. Kg3 Ke3 59. Nf6 Ne5 60. Nd5+ Kd4 61. Nf6 Ke3 62. Nd5+ Kd4 63. Nf6 f4+ 64. Kf2 Nf7 65. Ne4 g4 66. Nf6 g3+ 67. Kg2 Ng5 68. Nh5 Ke5 1/2-1/2

[Event "Moscow Botvinnik Memorial Cup"]
[Site "Moscow"]
[Date "2024.09.08"]
[Round "8.12"]
[White "Khamdamov, Suhrob"]
[Black "Agamyradova, Mahri"]
[Result "1-0"]
[WhiteElo "2108"]
[BlackElo "1857"]
[PlyCount "94"]
[EventDate "2024.09.04"]
[EventType "team-tourn"]
[EventRounds "9"]
[EventCountry "RUS"]
[SourceTitle "EXT 2025"]
[Source "ChessBase"]
[SourceDate "2024.10.14"]
[SourceVersion "1"]
[SourceVersionDate "2024.10.14"]
[SourceQuality "1"]
[WhiteTeam "Tajikistan"]
[BlackTeam "Turkmenistan"]
[WhiteTeamCountry "TJK"]
[BlackTeamCountry "TKM"]

1. e4 e6 2. d4 d5 3. e5 c5 4. c3 Nc6 5. Nf3 Qb6 6. a3 Bd7 7. b4 cxd4 8. cxd4 Nge7 9. Bb2 Na5 10. Nbd2 Ng6 11. Rc1 Be7 12. h4 h5 13. Bc3 Nc6 14. Nb3 Qd8 15. g3 b6 16. Bd3 Nf8 17. 0-0 f6 18. b5 Na5 19. Bxa5 bxa5 20. exf6 Bxf6 21. Nc5 g6 22. Re1 Kf7 23. Qd2 Kg7 24. Qf4 Qb8 25. Ne5 Bc8 26. Re3 Qd6 27. Rf3 Bxe5 28. dxe5 Qe7 29. Nb3 Nd7 30. Rc7 Rf8 31. Qxf8+ Qxf8 32. Rxf8 Kxf8 33. f4 Nb6 34. Nxa5 a6 35. bxa6 Bxa6 36. Bxg6 Be2 37. Rf7+ Kg8 38. Nc6 Nc8 39. Kf2 Bg4 40. Rc7 Nb6 41. Ra7 Rf8 42. Ke3 Nc4+ 43. Kd4 Nd2 44. Bd3 Nb3+ 45. Ke3 Nc5 46. Ne7+ Kf7 47. Ng6+ Ke8 1-0

[Event "Moscow Botvinnik Memorial Cup"]
[Site "Moscow"]
[Date "2024.09.08"]
[Round "7.29"]
[White "Khamdamov, Suhrob"]
[Black "Savelev, Matvei"]
[Result "0-1"]
[WhiteElo "2108"]
[BlackElo "2042"]
[PlyCount "54"]
[EventDate "2024.09.04"]
[EventType "team-tourn"]
[EventRounds "9"]
[EventCountry "RUS"]
[SourceTitle "EXT 2025"]
[Source "ChessBase"]
[SourceDate "2024.10.14"]
[SourceVersion "1"]
[SourceVersionDate "2024.10.14"]
[SourceQuality "1"]
[WhiteTeam "Tajikistan"]
[BlackTeam "Belarus"]
[WhiteTeamCountry "TJK"]
[BlackTeamCountry "BLR"]

1. d4 d5 2. Nf3 Nf6 3. e3 Bg4 4. c4 e6 5. Qb3 Nbd7 6. cxd5 exd5 7. Nc3 Bxf3 8. gxf3 Nb6 9. Bd2 a5 10. Bd3 Be7 11. Rg1 0-0 12. Ne2 Re8 13. Ng3 g6 14. h4 c5 15. dxc5 Bxc5 16. Rc1 Nbd7 17. h5 a4 18. Qb5 b6 19. hxg6 hxg6 20. Nf5 Kf8 21. Nh4 Ne5 22. Be2 d4 23. Bb4 d3 24. Bxc5+ bxc5 25. Qxc5+ Kg8 26. Rd1 Ne4 27. Nxg6 Nxc5 0-1

[Event "Moscow Botvinnik Memorial Cup"]
[Site "Moscow"]
[Date "2024.09.06"]
[Round "5.27"]
[White "Khafizova, Diana"]
[Black "Khamdamov, Suhrob"]
[Result "1-0"]
[WhiteElo "1996"]
[BlackElo "2108"]
[PlyCount "53"]
[EventDate "2024.09.04"]
[EventType "team-tourn"]
[EventRounds "9"]
[EventCountry "RUS"]
[SourceTitle "EXT 2025"]
[Source "ChessBase"]
[SourceDate "2024.10.14"]
[SourceVersion "1"]
[SourceVersionDate "2024.10.14"]
[SourceQuality "1"]
[WhiteTeam "Russia"]
[BlackTeam "Tajikistan"]
[WhiteTeamCountry "RUS"]
[BlackTeamCountry "TJK"]

1. d4 Nf6 2. c4 g6 3. Nc3 d5 4. cxd5 Nxd5 5. e4 Nxc3 6. bxc3 Bg7 7. Nf3 c5 8. Be2 cxd4 9. cxd4 Nc6 10. Be3 Bg4 11. d5 Bxf3 12. Bxf3 Ne5 13. Be2 0-0 14. 0-0 Qa5 15. Qb3 b5 16. Rac1 a6 17. f4 Nc4 18. Bxc4 bxc4 19. Qxc4 Rab8 20. Rc2 Rb4 21. Qd3 Rb5 22. Rd1 Rd8 23. h3 f5 24. exf5 Rbxd5 25. Qb3 Qb5 26. Rxd5 Qxd5 27. Rd2 1-0

[Event "Moscow Botvinnik Memorial Cup"]
[Site "Moscow"]
[Date "2024.09.06"]
[Round "4.5"]
[White "Khamdamov, Suhrob"]
[Black "Bogdanov, Artyom"]
[Result "0-1"]
[WhiteElo "2108"]
[BlackElo "2309"]
[PlyCount "112"]
[EventDate "2024.09.04"]
[EventType "team-tourn"]
[EventRounds "9"]
[EventCountry "RUS"]
[SourceTitle "EXT 2025"]
[Source "ChessBase"]
[SourceDate "2024.10.14"]
[SourceVersion "1"]
[SourceVersionDate "2024.10.14"]
[SourceQuality "1"]
[WhiteTeam "Tajikistan"]
[BlackTeam "Kazakhstan"]
[WhiteTeamCountry "TJK"]
[BlackTeamCountry "KAZ"]

1. d4 Nf6 2. Nf3 e6 3. Nbd2 d5 4. e3 c5 5. c3 Nc6 6. Bd3 Bd6 7. 0-0 0-0 8. e4 cxd4 9. cxd4 dxe4 10. Nxe4 Be7 11. Be3 Nd5 12. Rc1 Ncb4 13. Bb1 b6 14. a3 Nxe3 15. fxe3 Nd5 16. Qd3 g6 17. Ne5 f5 18. Nd2 Bg5 19. Rf3 Bb7 20. Rg3 Bf6 21. Ndc4 Rc8 22. Rf1 Ne7 23. Qe2 Qd5 24. Kh1 b5 25. Na5 Bxe5 26. dxe5 Ba8 27. Bd3 a6 28. b4 Rc3 29. Bb1 Qxe5 30. Qd2 Nd5 31. e4 Rxg3 32. hxg3 Nc3 33. exf5 Nxb1 34. Rxb1 Qxf5 35. Re1 Bd5 36. Kg1 Qg4 37. Qe3 h5 38. Nb3 h4 39. Nc5 hxg3 40. Ne4 Bxe4 41. Qxe4 Qxe4 42. Rxe4 Rc8 43. Kf1 Rc1+ 44. Ke2 Rc2+ 45. Kf3 Rc3+ 46. Kg4 Kf7 47. Rf4+ Ke7 48. Kg5 Rc2 49. Kxg6 Rxg2 50. Rf3 Rg1 51. Kg5 e5 52. Kg4 Ke6 53. Rc3 Kd5 54. Kf3 e4+ 55. Ke2 Kd4 56. Rc6 Rg2+ 0-1

[Event "Moscow Botvinnik Memorial Cup"]
[Site "Moscow"]
[Date "2024.09.05"]
[Round "2.15"]
[White "Khamdamov, Suhrob"]
[Black "Isbatov, Kanan"]
[Result "1/2-1/2"]
[WhiteElo "2108"]
[BlackElo "1722"]
[PlyCount "79"]
[EventDate "2024.09.04"]
[EventType "team-tourn"]
[EventRounds "9"]
[EventCountry "RUS"]
[SourceTitle "EXT 2025"]
[Source "ChessBase"]
[SourceDate "2024.10.14"]
[SourceVersion "1"]
[SourceVersionDate "2024.10.14"]
[SourceQuality "1"]
[WhiteTeam "Tajikistan"]
[BlackTeam "Azerbaijan"]
[WhiteTeamCountry "TJK"]
[BlackTeamCountry "AZE"]

1. c4 Nf6 2. Nc3 d5 3. cxd5 Nxd5 4. g3 g6 5. Bg2 Nxc3 6. bxc3 Bg7 7. h4 h5 8. Nf3 0-0 9. 0-0 c5 10. Ng5 Nc6 11. Rb1 Qc7 12. Qb3 b6 13. d3 Bb7 14. Bf4 Qd7 15. Bh3 Qe8 16. Bd2 Ne5 17. d4 Qc6 18. e4 Qxe4 19. Nxe4 Nf3+ 20. Kh1 Nxd2 21. Qb2 Bxe4+ 22. Bg2 Bxg2+ 23. Kxg2 Nxb1 24. Rxb1 cxd4 25. cxd4 Rfd8 26. Rd1 Rd5 27. Qa3 e6 28. Qe7 Bxd4 29. Qb7 Rad8 30. Qxa7 Bc5 31. Rxd5 Rxd5 32. f3 Rd2+ 33. Kh3 Rd3 34. Qb8+ Kg7 35. Qe5+ Kg8 36. Qb8+ Kh7 37. Qf4 Kg7 38. Qe5+ Kg8 39. Qb8+ Kg7 40. Qe5+ 1/2-1/2

[Event "Moscow Botvinnik Memorial Cup"]
[Site "Moscow"]
[Date "2024.09.04"]
[Round "1.11"]
[White "Berdibaeva, Edisa"]
[Black "Khamdamov, Suhrob"]
[Result "0-1"]
[WhiteElo "1804"]
[BlackElo "2108"]
[PlyCount "92"]
[EventDate "2024.09.04"]
[EventType "team-tourn"]
[EventRounds "9"]
[EventCountry "RUS"]
[SourceTitle "EXT 2025"]
[Source "ChessBase"]
[SourceDate "2024.10.14"]
[SourceVersion "1"]
[SourceVersionDate "2024.10.14"]
[SourceQuality "1"]
[WhiteTeam "Kyrgyzstan"]
[BlackTeam "Tajikistan"]
[WhiteTeamCountry "KGZ"]
[BlackTeamCountry "TJK"]

1. e4 c6 2. Nf3 d5 3. Nc3 dxe4 4. Nxe4 Nf6 5. Nxf6+ exf6 6. Bc4 Bd6 7. 0-0 0-0 8. d4 Bg4 9. Be2 Nd7 10. h3 Bh5 11. c4 c5 12. Be3 Qc7 13. Rc1 Rad8 14. Nh4 Bxe2 15. Qxe2 Rfe8 16. Qc2 g6 17. d5 Bf4 18. Rce1 f5 19. Qc1 Bd6 20. Bg5 f6 21. Bd2 Ne5 22. Qc2 Re7 23. f4 Nf7 24. Rxe7 Bxe7 25. Re1 Nd6 26. Nf3 Ne4 27. Be3 Bd6 28. Nd2 Re8 29. Nxe4 Rxe4 30. Bd2 Bxf4 31. Rxe4 fxe4 32. Bc3 Be3+ 33. Kh1 f5 34. Qd1 Qd6 35. Qe1 Bd4 36. Bd2 Bxb2 37. Qd1 Bd4 38. Qb3 b6 39. Qa4 Qe7 40. Qc6 e3 41. Be1 e2 42. d6 Qe3 43. Qc8+ Kg7 44. Qc7+ Kh6 45. Kh2 Qg1+ 46. Kg3 Qxe1+ 0-1

[Event "Moscow Botvinnik Memorial Cup"]
[Site "Moscow"]
[Date "2024.09.04"]
[Round "1.9"]
[White "Sharshenbekov, Emir"]
[Black "Khamdamov, Suhrob"]
[Result "1-0"]
[WhiteElo "2078"]
[BlackElo "2108"]
[PlyCount "43"]
[EventDate "2024.09.04"]
[EventType "team-tourn"]
[EventRounds "9"]
[EventCountry "RUS"]
[SourceTitle "EXT 2025"]
[Source "ChessBase"]
[SourceDate "2024.10.14"]
[SourceVersion "1"]
[SourceVersionDate "2024.10.14"]
[SourceQuality "1"]
[WhiteTeam "Kyrgyzstan"]
[BlackTeam "Tajikistan"]
[WhiteTeamCountry "KGZ"]
[BlackTeamCountry "TJK"]

1. e4 c6 2. d4 d5 3. exd5 cxd5 4. c4 Nf6 5. Nc3 e6 6. Nf3 Bb4 7. cxd5 Nxd5 8. Bd2 Nc6 9. Bd3 Bd7 10. 0-0 0-0 11. Qe2 Be7 12. Rac1 Bf6 13. Rfd1 g6 14. Bh6 Re8 15. Ne4 Nxd4 16. Nxd4 Bxd4 17. Nd6 Qh4 18. Qd2 Bc6 19. Bg5 Bxf2+ 20. Qxf2 Qxg5 21. Qxf7+ Kh8 22. Nxe8 1-0

[Event "Muhiddinov Memorial"]
[Site "Tashkent"]
[Date "2015.11.15"]
[Round "4"]
[White "Khamdamov, Suhrob"]
[Black "Gevorgyan, Irina"]
[Result "1/2-1/2"]
[WhiteElo "2278"]
[BlackElo "2270"]
[PlyCount "39"]
[EventDate "2015.11.14"]
[EventType "tourn"]
[EventRounds "9"]
[EventCountry "UZB"]
[SourceTitle "CBM 169 Extra"]
[Source "ChessBase"]
[SourceDate "2015.12.18"]
[SourceVersion "1"]
[SourceVersionDate "2015.12.18"]
[SourceQuality "1"]

1. b3 Nf6 2. Bb2 e6 3. f4 b6 4. Nf3 Bb7 5. e3 Be7 6. Be2 0-0 7. 0-0 d6 8. c4 Nbd7 9. d3 e5 10. fxe5 Ng4 11. Qd2 Ngxe5 12. Nc3 Bf6 13. d4 Nxf3+ 14. Bxf3 Bxf3 15. Rxf3 g6 16. Raf1 Bg7 17. e4 c6 18. Kh1 a6 19. Rd1 Nf6 20. Qf4 1/2-1/2

[Event "Khodzhaev Memorial"]
[Site "Tashkent"]
[Date "2015.11.09"]
[Round "1"]
[White "Khamdamov, Suhrob"]
[Black "Kuybokarov, Temur"]
[Result "1/2-1/2"]
[WhiteElo "2278"]
[BlackElo "2361"]
[PlyCount "81"]
[EventDate "2015.11.09"]
[EventType "tourn"]
[EventRounds "9"]
[EventCountry "UZB"]
[EventCategory "3"]
[SourceTitle "EXT 2017"]
[Source "ChessBase"]
[SourceDate "2016.10.25"]
[SourceVersion "1"]
[SourceVersionDate "2016.10.25"]
[SourceQuality "1"]

1. d4 d5 2. c4 dxc4 3. e3 Nf6 4. Bxc4 e6 5. Nf3 a6 6. 0-0 b5 7. Bb3 Bb7 8. Qe2 Nbd7 9. a4 c5 10. Rd1 b4 11. a5 Be7 12. Nbd2 0-0 13. Nc4 Qc7 14. Bd2 Bd5 15. Rdc1 Qb7 16. Ne1 Ne4 17. Nd3 Rac8 18. Be1 cxd4 19. exd4 Rc7 20. f3 Nef6 21. Bg3 Rc6 22. Nd2 Rxc1+ 23. Rxc1 Qb5 24. Nf4 Qb7 25. Nxd5 Nxd5 26. Ne4 Rc8 27. Rxc8+ Qxc8 28. Bc4 Qd8 29. Bxd5 exd5 30. Nd6 Bf6 31. Bf2 Nb8 32. Nb7 Qe7 33. Kf1 Kf8 34. Nc5 Qxe2+ 35. Kxe2 Bd8 36. Bg3 Nc6 37. Kd3 Ke7 38. Nxa6 Bxa5 39. b3 Bb6 40. Bc7 Bxc7 41. Nxc7 1/2-1/2

[Event "Dushanbe zt 3.4"]
[Site "Dushanbe"]
[Date "2015.06.11"]
[Round "8"]
[White "Khamdamov, Suhrob"]
[Black "Abdyzhapar, Asylbek"]
[Result "0-1"]
[WhiteElo "2283"]
[BlackElo "2402"]
[PlyCount "114"]
[EventDate "2015.06.04"]
[EventType "swiss"]
[EventRounds "9"]
[EventCountry "TJK"]
[SourceTitle "CBM 167 Extra"]
[Source "ChessBase"]
[SourceDate "2015.09.14"]
[SourceVersion "1"]
[SourceVersionDate "2015.09.14"]
[SourceQuality "1"]

1. d4 Nf6 2. c4 e6 3. g3 d5 4. Nf3 Be7 5. Bg2 0-0 6. 0-0 dxc4 7. Qc2 a6 8. a4 a5 9. Qxc4 Na6 10. Nc3 Nb4 11. Rd1 c6 12. Ne5 h6 13. e4 Nd7 14. Nxd7 Bxd7 15. Bf4 Qb6 16. Rac1 Rfd8 17. Be3 Qa6 18. Qb3 b5 19. d5 cxd5 20. axb5 Bxb5 21. Nxb5 Qxb5 22. exd5 a4 23. Qa3 Nxd5 24. Rxd5 exd5 25. Qxe7 Qxb2 26. Rc7 Qb1+ 27. Bc1 Qf5 28. Bh3 Qg6 29. Bd7 Qe4 30. Ba3 Qxe7 31. Bxe7 a3 32. Bxd8 a2 33. Rc1 a1Q 34. Rxa1 Rxa1+ 35. Kg2 d4 36. Kf3 d3 37. Ke3 d2 38. Kxd2 Ra6 39. Ke3 Rd6 40. Bf5 Rxd8 41. h4 g6 42. Be4 Kg7 43. f4 Re8 44. Kf3 Rc8 45. g4 Rc3+ 46. Kg2 Kf6 47. g5+ Kg7 48. Bb1 Re3 49. gxh6+ Kxh6 50. f5 g5 51. hxg5+ Kxg5 52. Kf2 Re5 53. Kg3 Rxf5 54. Bxf5 Kxf5 55. Kf3 f6 56. Kg3 Ke4 57. Kf2 Kf4 0-1

[Event "Dushanbe zt 3.4"]
[Site "Dushanbe"]
[Date "2015.06.09"]
[Round "6"]
[White "Khamdamov, Suhrob"]
[Black "Kabilov, Amin"]
[Result "1-0"]
[WhiteElo "2283"]
[BlackElo "2199"]
[PlyCount "107"]
[EventDate "2015.06.04"]
[EventType "swiss"]
[EventRounds "9"]
[EventCountry "TJK"]
[SourceTitle "CBM 167 Extra"]
[Source "ChessBase"]
[SourceDate "2015.09.14"]
[SourceVersion "1"]
[SourceVersionDate "2015.09.14"]
[SourceQuality "1"]

1. d4 Nf6 2. c4 c5 3. d5 b5 4. cxb5 a6 5. bxa6 g6 6. g3 d6 7. Bg2 Bg7 8. Nf3 0-0 9. 0-0 Bxa6 10. Re1 Nbd7 11. Nc3 Qc7 12. h3 Rfb8 13. Qc2 Nb6 14. e4 Nfd7 15. b3 Nc8 16. a3 Na7 17. Bd2 Rb7 18. Rab1 Rab8 19. Bf4 Qa5 20. e5 Nxe5 21. Bxe5 dxe5 22. Na4 Nb5 23. Nxc5 Qc7 24. Qc1 Ra7 25. Nxa6 Qxc1 26. Rbxc1 Rxa6 27. a4 Nd6 28. Bf1 Ra5 29. Nxe5 Bxe5 30. Rxe5 Rxb3 31. Rxe7 Rxd5 32. Rd7 Rd2 33. Rc8+ Kg7 34. Rcd8 Ra3 35. Rxd6 Rxd6 36. Rxd6 Rxa4 37. Rd7 g5 38. Rc7 Ra8 39. Bd3 h5 40. Kg2 Kf6 41. Bc4 Rf8 42. Kf3 Kg6 43. Rc6+ Kg7 44. g4 h4 45. Ke4 f6 46. Kf5 Ra8 47. Rc7+ Kh8 48. Rc6 Kg7 49. Ke4 Ra3 50. Bd3 Ra2 51. Rc7+ Kh6 52. Ke3 f5 53. Rc6+ Kg7 54. gxf5 1-0

[Event "Olympiad-41"]
[Site "Tromsoe"]
[Date "2014.08.12"]
[Round "10.4"]
[White "Smirnov, Anton"]
[Black "Khamdamov, Suhrob"]
[Result "1-0"]
[WhiteElo "2334"]
[BlackElo "2301"]
[PlyCount "107"]
[EventDate "2014.08.02"]
[EventType "team-swiss"]
[EventRounds "11"]
[EventCountry "NOR"]
[SourceTitle "CBM 162"]
[Source "ChessBase"]
[SourceDate "2014.09.17"]
[SourceVersion "1"]
[SourceVersionDate "2014.09.17"]
[SourceQuality "1"]
[WhiteTeam "Australia"]
[BlackTeam "Tajikistan"]
[WhiteTeamCountry "AUS"]
[BlackTeamCountry "TJK"]

1. d4 Nf6 2. c4 g6 3. Nc3 Bg7 4. e4 d6 5. Nf3 0-0 6. Be2 Bg4 7. Be3 Nfd7 8. Qd2 e5 9. 0-0-0 Nc6 10. d5 Bxf3 11. dxc6 Bxe2 12. cxb7 Rb8 13. Qxe2 Rxb7 14. c5 dxc5 15. Qa6 Rb4 16. Qc6 Rd4 17. Bxd4 cxd4 18. Nd5 Nb8 19. Qc2 c6 20. Nb4 Qg5+ 21. Kb1 Qxg2 22. Rhg1 Qxh2 23. Nd3 Qh4 24. f3 Qf6 25. Qe2 Nd7 26. Rc1 Rb8 27. Ka1 h5 28. Rc4 Bh6 29. a3 a5 30. Rf1 Nb6 31. Rc5 Bf8 32. Rc2 Na4 33. Rc4 Nb6 34. Rc2 c5 35. Nxc5 Kg7 36. Qb5 d3 37. Nxd3 Bd6 38. Rc6 Qd8 39. Rd1 Qe8 40. Nf2 Bf8 41. Rdc1 Nd7 42. Qxa5 Be7 43. Qc3 Bg5 44. Rd1 Nf8 45. Nh3 Bf6 46. Nf4 Bh4 47. Nd5 Bf2 48. Nc7 Qe7 49. Ne6+ Nxe6 50. Qxe5+ Qf6 51. Qxb8 Qxf3 52. Qe5+ Kh7 53. Rd7 Kh6 54. Rc8 1-0

[Event "Olympiad-41"]
[Site "Tromsoe"]
[Date "2014.08.05"]
[Round "4.4"]
[White "Setyaki, Azarya Jodi"]
[Black "Khamdamov, Suhrob"]
[Result "1/2-1/2"]
[WhiteElo "2186"]
[BlackElo "2301"]
[PlyCount "119"]
[EventDate "2014.08.02"]
[EventType "team-swiss"]
[EventRounds "11"]
[EventCountry "NOR"]
[SourceTitle "CBM 162"]
[Source "ChessBase"]
[SourceDate "2014.09.17"]
[SourceVersion "1"]
[SourceVersionDate "2014.09.17"]
[SourceQuality "1"]
[WhiteTeam "Indonesia"]
[BlackTeam "Tajikistan"]
[WhiteTeamCountry "INA"]
[BlackTeamCountry "TJK"]

1. e4 c5 2. Nf3 d6 3. d4 cxd4 4. Nxd4 Nf6 5. Nc3 Nc6 6. Bc4 Qb6 7. Nb3 e6 8. Bf4 Ne5 9. Be2 Be7 10. g4 h6 11. Rg1 Bd7 12. h4 Bc6 13. Be3 Qc7 14. Qd4 a6 15. g5 hxg5 16. hxg5 Nfd7 17. 0-0-0 Bf8 18. f4 Ng6 19. f5 exf5 20. exf5 Rh4 21. Qd2 Nge5 22. Bf2 Rh2 23. Bg3 Rh3 24. Nd5 Bxd5 25. Qxd5 Rc8 26. Nd4 Nb6 27. Qg2 Rh8 28. Bf3 Nbc4 29. Rge1 Be7 30. f6 gxf6 31. Bd5 b5 32. Nf5 Kf8 33. Bxc4 bxc4 34. gxf6 Bxf6 35. Nxd6 Nd3+ 36. Rxd3 cxd3 37. Nxc8 Bg5+ 38. Kb1 dxc2+ 39. Qxc2 Qxg3 40. Qc5+ Kg7 41. Rg1 Rxc8 42. Qxg5+ Qxg5 43. Rxg5+ Kh6 44. Ra5 Rc6 45. b4 Rb6 46. Kc2 Rxb4 47. Rxa6+ Kg5 48. Kc3 Rb1 49. a4 f5 50. Ra8 f4 51. Rf8 Kg4 52. Kc4 f3 53. a5 Kg3 54. a6 f2 55. Kc5 f1Q 56. Rxf1 Rxf1 57. a7 Rf8 58. Kb6 Kf4 59. Kb7 Rf7+ 60. Kb6 1/2-1/2

[Event "Central Asia Cup 3rd"]
[Site "Dushanbe"]
[Date "2013.10.16"]
[Round "5"]
[White "Khamdamov, Suhrob"]
[Black "Kuybokarov, Temur"]
[Result "0-1"]
[WhiteElo "2292"]
[BlackElo "2068"]
[PlyCount "82"]
[EventDate "2013.10.12"]
[EventType "swiss"]
[EventRounds "9"]
[EventCountry "TJK"]
[SourceTitle "EXT 2014"]
[Source "ChessBase"]
[SourceDate "2013.11.20"]
[SourceVersion "1"]
[SourceVersionDate "2013.11.20"]
[SourceQuality "1"]

1. e4 e5 2. Nf3 Nc6 3. c3 Nf6 4. d4 Nxe4 5. d5 Ne7 6. Nxe5 Ng6 7. Qd4 Qe7 8. Qxe4 Qxe5 9. Qxe5+ Nxe5 10. Bf4 d6 11. Na3 Bf5 12. Nb5 Kd7 13. 0-0-0 a6 14. Nd4 Bg6 15. h3 Re8 16. Bh2 Be4 17. c4 g5 18. f3 Bg6 19. Be2 Bg7 20. Rhf1 Rhf8 21. f4 gxf4 22. Bxf4 Nxc4 23. Bg4+ f5 24. Bf3 Ne3 25. Ne6 Nxd1 26. Nxg7 Ne3 27. Nxe8 Nxf1 28. Ng7 Rg8 29. Ne6 Be8 30. g4 fxg4 31. hxg4 Ke7 32. g5 Bd7 33. g6 Bxe6 34. Bg5+ Kd7 35. dxe6+ Kxe6 36. gxh7 Rh8 37. Be4 d5 38. Bg6 Ng3 39. Be3 Nf5 40. Bg5 Ne7 41. Bc2 Nf5 0-1

[Event "Central Asia Cup 1st"]
[Site "Tashkent"]
[Date "2011.10.20"]
[Round "3"]
[White "Khamdamov, Suhrob"]
[Black "Akkozov, Berik"]
[Result "1/2-1/2"]
[WhiteElo "2288"]
[BlackElo "2368"]
[PlyCount "62"]
[EventDate "2011.10.18"]
[EventType "swiss"]
[EventRounds "9"]
[EventCountry "UZB"]
[SourceTitle "CBM 144 Extra"]
[Source "ChessBase"]
[SourceDate "2011.10.28"]
[SourceVersion "1"]
[SourceVersionDate "2011.10.28"]
[SourceQuality "1"]

1. Nf3 Nf6 2. c4 c6 3. Nc3 d5 4. d4 a6 5. cxd5 cxd5 6. Bf4 Nc6 7. Rc1 Bf5 8. e3 e6 9. Bd3 Bxd3 10. Qxd3 Be7 11. 0-0 Nh5 12. Be5 0-0 13. Na4 Qa5 14. Nc5 b5 15. Nd7 Rfc8 16. g4 Qd8 17. Nc5 Nf6 18. h3 Bxc5 19. Rxc5 Ne4 20. Rcc1 Nxe5 21. dxe5 Rc7 22. Qa3 Rxc1 23. Rxc1 Rc8 24. b3 h6 25. Kg2 a5 26. Rxc8 Qxc8 27. Qxa5 Qc2 28. Qe1 b4 29. Nd4 Qxa2 30. Qe2 Qxe2 31. Nxe2 Nc5 1/2-1/2

[Event "Asia Clubs 1st"]
[Site "Al Ain"]
[Date "2008.12.27"]
[Round "3"]
[White "Paragua, Mark"]
[Black "Khamdamov, Suhrob"]
[Result "1-0"]
[WhiteElo "2526"]
[BlackElo "2219"]
[PlyCount "63"]
[EventDate "2008.12.25"]
[EventType "team-swiss"]
[EventRounds "7"]
[EventCountry "UAE"]
[SourceTitle "CBM 127 Extra"]
[Source "ChessBase"]
[SourceDate "2009.01.08"]
[SourceVersion "2"]
[SourceVersionDate "2009.01.28"]
[SourceQuality "1"]

1. e4 c6 2. c4 d5 3. exd5 cxd5 4. cxd5 Nf6 5. Nc3 Nxd5 6. Nf3 e6 7. d4 Be7 8. Bd3 0-0 9. 0-0 Nc6 10. Re1 Bf6 11. Be4 h6 12. a3 b6 13. Bc2 Ba6 14. Ne4 Rc8 15. Be3 Na5 16. b3 Be7 17. Bd2 Qc7 18. Ra2 Rfd8 19. Ne5 Nf6 20. Be3 Nxe4 21. Bxe4 Bf6 22. Rc2 Qe7 23. Rxc8 Rxc8 24. Ng4 Rc3 25. Bd2 Rc8 26. d5 Bc3 27. Bxc3 Rxc3 28. d6 Qd8 29. Nxh6+ gxh6 30. Qd2 Rc8 31. Qxh6 Qf8 32. Qh7# 1-0